|
|
|
|
| LEADER |
00000cam a2200000 a 4500 |
| 001 |
UCC6498 |
| 003 |
CL-VaPUC |
| 008 |
181213e20150000cl |||||||||||||||||spa|d |
| 020 |
|
|
|a 9789561417038
|
| 082 |
0 |
4 |
|a 262.9
|b GRA
|2 21
|
| 245 |
1 |
0 |
|a Grandes textos de Humanitas: XX años sirviendo al encuentro de la fe y la cultura
|
| 250 |
|
|
|a 1a. ed
|
| 300 |
|
|
|a 1041 p
|
| 942 |
|
|
|c BK
|
| 945 |
|
|
|d 20181213 14:55:00
|a dcastane
|
| 260 |
|
|
|a Santiago
|b PUC
|c 2015
|
| 650 |
|
7 |
|a RELIGION Y CULTURA
|2 CL-VaPUC
|9 316319
|
| 583 |
|
|
|a last modification
|c 20181213 14:55:00
|k Rodrigo Vera
|
| 999 |
|
|
|c 373439
|d 373437
|
| 952 |
|
|
|0 0
|1 0
|3 erd
|4 0
|6 262_900000000000000_GRA_2015
|7 0
|8 A
|9 491540
|a BIBTEO
|b BIBTEO
|e Precht Pizarro, Jorge Enrique
|i 552122K
|o 262.9 GRA 2015
|p 552122K
|r 2025-01-17
|w 2019-11-24
|y BK
|z Catalogado en:20181213
|k ICR
|